Pamiatková obnova a dostavba kaštieľa v Lukáčovciach
Saved in:
| Main Author: | |
|---|---|
| Other Authors: | |
| Format: | Manuscript Book |
| Language: | Slovak |
| Published: |
Bratislava
2023
|
| Subjects: | |
| Online Access: | http://is.stuba.sk/zp/portal_zp.pl?podrobnosti=172341 |
| Tags: |
No Tags, Be the first to tag this record!
|
MARC
| LEADER | 00000ntm a22000003a 4500 | ||
|---|---|---|---|
| 001 | stuzp94315 | ||
| 003 | SK-STU | ||
| 005 | 20231013095811.7 | ||
| 007 | ta | ||
| 008 | 150427s2015----xo-----f-mn---000-0-slo-d | ||
| 040 | |a STU |b slo | ||
| 041 | 0 | |a slo | |
| 100 | 1 | |a Zaťková, Natália |u 053130 |4 aut |U FAD Fakulta architektúry a dizajnu |T FAD Ústav dejín a teórie architektúry a obnovy pamiatok |X 93640 |U A3130 |Y 394 |7 93640 | |
| 242 | 0 | 1 | |a Monument restoration and completion of the mansion in Lukáčovce |y eng |
| 245 | 1 | 0 | |a Pamiatková obnova a dostavba kaštieľa v Lukáčovciach |
| 260 | |c 2023 |a Bratislava | ||
| 650 | 4 | |a adaptácia |2 slo | |
| 650 | 4 | |a dostavba |2 slo | |
| 650 | 4 | |a deinštitucionalizované sociálne zariadenie |2 slo | |
| 650 | 4 | |a kaštieľ |2 slo | |
| 650 | 4 | |a pamiatková obnova |2 slo | |
| 650 | 4 | |a adaptation |2 eng | |
| 650 | 4 | |a mansion |2 eng | |
| 650 | 4 | |a refurbishment |2 eng | |
| 650 | 4 | |a deinstitutionalised social facility |2 eng | |
| 650 | 4 | |a addition |2 eng | |
| 700 | 1 | |a Pauliny, Pavol |u 053130 |k Z1 |4 ths |U FAD Fakulta architektúry a dizajnu |T FAD Ústav dejín a teórie architektúry a obnovy pamiatok |X 474 |U A3130 |Y 394 |7 474 | |
| 856 | 4 | |u http://is.stuba.sk/zp/portal_zp.pl?podrobnosti=172341 |u https://opac.crzp.sk/?fn=detailBiblioForm&sid=1755732D0F093F437BAB32EAC795 | |